|
|
|
|
| LEADER |
03960nam a2200529 a 4500 |
| 001 |
AAL8622 |
| 003 |
BD-DhAAL |
| 005 |
20160716094307.0 |
| 008 |
141218r20082005enk d 000 1 eng |
| 010 |
|
|
|a 2004024730
|
| 020 |
|
|
|a 9781904233800
|
| 020 |
|
|
|a 0316160172
|
| 020 |
|
|
|a 9781905654406
|
| 020 |
|
|
|a 0316038377
|
| 020 |
|
|
|a 9780316038379
|
| 040 |
|
|
|a DLC
|c DLC
|d DLC
|d BD-DhAAL
|
| 041 |
|
|
|a eng
|
| 042 |
|
|
|a lcac
|
| 050 |
0 |
0 |
|a PZ7.M5717515
|b Tw 2005
|
| 082 |
0 |
0 |
|a 813/.08738
|2 23
|
| 100 |
1 |
|
|a Meyer, Stephenie,
|d 1973-
|9 6864
|
| 245 |
1 |
0 |
|a Twilight /
|c Stephenie Meyer.
|
| 260 |
|
|
|a Great Britain :
|b Atom,
|c 2005 [reprinted 2008].
|
| 300 |
|
|
|a 497 p. ;
|c 18 cm.
|
| 541 |
|
|
|e 8622
|
| 650 |
|
1 |
|a Vampires
|v Fiction.
|9 6865
|
| 650 |
|
1 |
|a High schools
|v Fiction.
|9 6866
|
| 650 |
|
1 |
|a Schools
|v Fiction.
|9 6867
|
| 651 |
|
1 |
|a Washington (State)
|v Fiction.
|9 6868
|
| 852 |
|
|
|a Savar Campus Library
|c General Shelf
|
| 942 |
|
|
|2 ddc
|c BK
|
| 999 |
|
|
|c 37665
|d 37665
|
| 952 |
|
|
|0 0
|1 0
|2 ddc
|4 0
|6 813_000000000000000__08738_MEY
|7 0
|9 59236
|a SCL
|b SCL
|c GEN
|d 2016-07-16
|e Fensi book house
|g 170.00
|l 12
|m 63
|o 813.08738 MEY
|p 3020008622
|r 2020-03-10
|s 2020-01-19
|t 1
|w 2016-07-16
|y BK
|
| 952 |
|
|
|0 0
|1 0
|2 ddc
|4 0
|6 813_000000000000000__08738_MEY
|7 0
|9 59272
|a SCL
|b SCL
|c GEN
|d 2016-07-16
|e Fensi book house
|g 170.00
|l 16
|m 80
|o 813.08738 MEY
|p 3020008621
|r 2020-03-09
|s 2020-01-16
|t 2
|w 2016-07-16
|y BK
|
| 952 |
|
|
|0 0
|1 0
|2 ddc
|4 0
|6 813_000000000000000__08738_MEY
|7 0
|9 59373
|a SCL
|b SCL
|c GEN
|d 2016-07-21
|e Tajin Boi Gar
|g 80.00
|l 14
|m 58
|o 813.08738 MEY
|p 3020008713
|r 2020-03-09
|s 2020-01-16
|t 3
|w 2016-07-21
|y BK
|
| 952 |
|
|
|0 0
|1 0
|2 ddc
|4 0
|6 813_000000000000000__08738_MEY
|7 0
|9 59441
|a SCL
|b SCL
|c GEN
|d 2016-07-25
|e Tajin Boi Gar
|g 80.00
|l 15
|m 50
|o 813.08738 MEY
|p 3020008714
|r 2025-01-11
|s 2024-11-22
|t 4
|w 2016-07-25
|y BK
|
| 952 |
|
|
|0 0
|1 0
|2 ddc
|4 0
|6 813_000000000000000__08738_MEY
|7 0
|9 60254
|a SCL
|b SCL
|c GEN
|d 2017-04-18
|e Tajin Boi Ghar
|g 80.00
|l 13
|m 59
|o 813.08738 MEY
|p 3020008817
|r 2025-09-01
|s 2025-08-30
|t 5
|w 2017-04-18
|y BK
|
| 952 |
|
|
|0 0
|1 0
|2 ddc
|4 0
|6 813_000000000000000__08738_MEY
|7 0
|9 60255
|a SCL
|b SCL
|c GEN
|d 2017-04-18
|e Tajin Boi Ghar
|g 80.00
|l 13
|m 53
|o 813.08738 MEY
|p 3020008818
|r 2025-01-11
|s 2024-11-22
|t 6
|w 2017-04-18
|y BK
|
| 952 |
|
|
|0 0
|1 0
|2 ddc
|4 0
|6 813_000000000000000__08738_MEY
|7 0
|9 60256
|a SCL
|b SCL
|c GEN
|d 2017-04-18
|e Tajin Boi Ghar
|g 80.00
|l 15
|m 67
|o 813.08738 MEY
|p 3020008819
|r 2026-04-19
|s 2026-04-06
|t 7
|w 2017-04-18
|y BK
|
| 952 |
|
|
|0 0
|1 0
|2 ddc
|4 0
|6 813_000000000000000__08738_MEY
|7 0
|9 60257
|a SCL
|b SCL
|c GEN
|d 2017-04-18
|e Tajin Boi Ghar
|g 80.00
|l 13
|m 67
|o 813.08738 MEY
|p 3020008820
|r 2026-05-07
|s 2026-04-19
|t 8
|w 2017-04-18
|y BK
|
| 952 |
|
|
|0 0
|1 0
|2 ddc
|4 0
|6 813_000000000000000__08738_MEY
|7 0
|9 60258
|a SCL
|b SCL
|c GEN
|d 2017-04-18
|e Tajin Boi Ghar
|g 80.00
|l 13
|m 49
|o 813.08738 MEY
|p 3020008821
|r 2026-05-09
|s 2024-01-22
|t 9
|w 2017-04-18
|y BK
|
| 952 |
|
|
|0 0
|1 0
|2 ddc
|4 0
|6 813_000000000000000__08738_MEY
|7 0
|9 61117
|a SCL
|b SCL
|c GEN
|d 2017-09-13
|e Tajin Boi Gar
|g 100.00
|l 9
|m 51
|o 813.08738 MEY
|p 3020009193
|r 2022-08-01
|s 2022-07-24
|t 10
|w 2017-09-13
|y BK
|
| 952 |
|
|
|0 0
|1 0
|2 ddc
|4 0
|6 813_000000000000000__08738_MEY
|7 0
|9 61118
|a SCL
|b SCL
|c GEN
|d 2017-09-13
|e Tajin Boi Gar
|g 100.00
|l 11
|m 52
|o 813.08738 MEY
|p 3020009194
|r 2024-03-27
|s 2024-03-24
|t 11
|w 2017-09-13
|y BK
|
| 952 |
|
|
|0 0
|1 0
|2 ddc
|4 0
|6 813_000000000000000__08738_MEY
|7 0
|9 61119
|a SCL
|b SCL
|c GEN
|d 2017-09-13
|e Tajin Boi Gar
|g 100.00
|l 11
|m 49
|o 813.08738 MEY
|p 3020009195
|r 2022-08-02
|s 2022-07-28
|t 12
|w 2017-09-13
|y BK
|
| 952 |
|
|
|0 0
|1 0
|2 ddc
|4 0
|6 813_000000000000000__08738_MEY
|7 0
|9 61120
|a SCL
|b SCL
|c GEN
|d 2017-09-13
|e Tajin Boi Gar
|g 100.00
|l 12
|m 56
|o 813.08738 MEY
|p 3020009196
|r 2024-06-05
|s 2024-05-28
|t 13
|w 2017-09-13
|y BK
|
| 952 |
|
|
|0 0
|1 0
|2 ddc
|4 0
|6 813_000000000000000__08738_MEY
|7 0
|9 61121
|a SCL
|b SCL
|c GEN
|d 2017-09-13
|e Tajin Boi Gar
|g 100.00
|l 13
|m 65
|o 813.08738 MEY
|p 3020009197
|r 2026-02-28
|s 2026-02-20
|t 14
|w 2017-09-13
|y BK
|
| 952 |
|
|
|0 0
|1 0
|2 ddc
|4 0
|6 813_000000000000000__08738_MEY
|7 0
|9 61272
|a SCL
|b SCL
|c GEN
|d 2017-09-14
|e Shahjahan Books
|g 200.00
|l 16
|m 92
|o 813.08738 MEY
|p 3020009161
|r 2026-03-02
|s 2026-02-01
|t 15
|w 2017-09-14
|y BK
|